|
|
|
|
| LEADER |
00000nam a22000007a 4500 |
| 005 |
20130307165827.0 |
| 007 |
cr|||| |||| |
| 008 |
130307e2006 it |||||s|||| 00||0 ita d |
| 020 |
|
|
|a 9788884225450
|
| 035 |
|
|
|a 7354
|
| 040 |
|
|
|a vLex
|
| 090 |
|
|
|c 3849
|d 3849
|
| 100 |
1 |
0 |
|a Vescovo, Donatella Del
|
| 245 |
1 |
4 |
|a Gli appalti pubblici nel diritto internazionale e comunitario
|c / Donatella Del Vescovo
|h [Recurso electrn̤ico]
|
| 256 |
|
|
|a Servicio en ln̕ea
|
| 260 |
|
|
|a Bari :
|b Cacucci Editore,
|c 2006
|
| 300 |
|
|
|a 1 Recurso electrn̤ico
|
| 506 |
|
|
|d vLex Global
|d vLex Global (Academic Edition, excluding Law Schools)
|d vLex Global (U.S. Academic Edition, Law Schools)
|d vLex Global (U.S. Academic Edition, excluding Law Schools)
|d vLex Global (Academic Edition, Law Schools)
|
| 650 |
0 |
4 |
|a Derecho internacional
|
| 650 |
0 |
4 |
|a Derecho comunitario
|
| 650 |
0 |
4 |
|a Comercio internacional
|
| 740 |
|
|
|a vLex Libros (Servicio en ln̕ea)
|
| 856 |
|
|
|a Acceso restringido
|u http://www.vlex.com/source/7354
|
| 942 |
|
|
|c BOOK
|
| 999 |
|
0 |
|a International law
|